Estadísticas para Siglo XI y XII

Haz click aquí para intentar la prueba.

Estadísticas generales

  • Esta prueba ha sido intentada 43 veces
  • La puntuación promedio es 12 de 20

Estadísticas de respuestas

AñoDescripciónRespuesta% Correcto
1185Este dispositivo para moler grano se utiliza por primera vez en Europa{Molino} de viento
97%
1156En esta ciudad se construye el Kremlin. En un inicio, no es más que un muro de madera.Moscú
97%
1163Comienza la construcción de esta famosa catedral de ParísNotre Dame
91%
1096Primera prueba de la enseñanza en esta universidad, la más antigua de InglaterraOxford
88%
1040Esta tecnología se inventa en China, 400 años antes que GutenbergImprenta
85%
1099La Primera Cruzada llega a su fin con la toma de esta ciudadJerusalén
85%
1010Este gran río Africano se congela por segunda vezNilo
82%
1189Este rey "corazón de león" es coronado en InglaterraRicardo I
79%
1016Canuto el Grande, príncipe de este país, conquista InglaterraDinamarca
71%
1192Los shoguns sustituyen a los emperadores como líderes de facto de este paísJapón
71%
1001Leif Erikson establece asentamientos en este país actual,
al que llamó "Vinland"
Canadá
65%
1054
El "Gran Cisma" separa definitivamente a la iglesia de Roma de
la iglesia de esta ciudad
Constantinopla
62%
1189-1192Este líder musulmán resiste a la Tercera Cruzada, ganándose el respeto de los cruzadosSaladino
56%
1170Thomas Becket, arzobispo de esta ciudad, es asesinado por orden de Enrique IICanterbury
47%
1066Este gobernante normando conquista Inglaterra
Guillermo I
44%
Principios de 1900Este famoso complejo de templos se construye en CamboyaAngkor Wat
41%
1104Esta potencia naval europea comienza a utilizar un proceso de cadena de montaje para producir barcos en serieVenecia
41%
1054
Astrónomos de muchas partes del mundo observan este tipo de sucesos,
cuyos restos forman hoy la Nebulosa del Cangrejo
Supernova
21%
1187Este dispositivo de navegación chino se utiliza por primera vez en EuropaCompás
6%
1086Este libro enumera todos los bienes imponibles en InglaterraDomesday
6%

Distribución de puntuación

Porcentaje por número respondido

Porcentaje de gente con cada puntuación

Historial de tus puntuaciones

No has intentado esta prueba.